European Biennial of Contemporary Art/ (Record no. 2713)

MARC details
000 -LEADER
campo de control de longitud fija 00598nam a2200193 4500
003 - IDENTIFICADOR DE NÚMERO DE CONTROL
campo de control OSt
005 - FECHA Y HORA DE LA ÚLTIMA TRANSACCIÓN
campo de control 20221121120222.0
008 - DATOS DE LONGITUD FIJA--INFORMACIÓN GENERAL
campo de control de longitud fija 221117b |||||||| |||| 00| 0 eng d
040 ## - FUENTE DE CATALOGACIÓN
Centro/agencia transcriptor Biblioteca Lado V
082 ## - NÚMERO DE LA CLASIFICACIÓN DECIMAL DEWEY
Número de clasificación 700.74
Número de ítem B419e
100 ## - ENTRADA PRINCIPAL--NOMBRE DE PERSONA
9 (RLIN) 485
Nombre de persona Behm, Meike
Término indicativo de función/relación editor
245 ## - MENCIÓN DEL TÍTULO
Título European Biennial of Contemporary Art/
260 ## - PUBLICACIÓN, DISTRIBUCIÓN, ETC.
Fecha de publicación, distribución, etc. 2002
Nombre del editor, distribuidor, etc. Manifiesta 4
Lugar de publicación, distribución, etc. Frankfurt, Alemania
300 ## - DESCRIPCIÓN FÍSICA
Extensión 255p.
Dimensiones 22x30cm
700 ## - ENTRADA AGREGADA--NOMBRE PERSONAL
Nombre de persona Garcia Calderon, Victorino
Término indicativo de función/relación autor
700 ## - ENTRADA AGREGADA--NOMBRE PERSONAL
Nombre de persona Diez, Victor M.
Término indicativo de función/relación autor
700 ## - ENTRADA AGREGADA--NOMBRE PERSONAL
Nombre de persona Angel Ramos, Miguel
Término indicativo de función/relación autor
942 ## - ELEMENTOS DE ENTRADA SECUNDARIOS (KOHA)
Fuente del sistema de clasificación o colocación Clasificación Decimal Dewey
Tipo de ítem Koha Libros
Parte de la signatura que identifica el ejemplar (Parte del ítem) B419e
Parte de la signatura que corresponde a la clasificación (Parte de la clasificación) 700.74
Suprimir en OPAC No
Holdings
Estatus retirado Estado de pérdida Fuente del sistema de clasificación o colocación Estado de daño No para préstamo Biblioteca de origen Biblioteca actual Fecha de adquisición Número de inventario Total de préstamos Signatura topográfica completa Código de barras Visto por última vez Precio de reemplazo Tipo de ítem Koha
    Clasificación Decimal Dewey     Biblioteca LadoV Biblioteca LadoV 21/11/2022 001876   700.74 B419e 001876 21/11/2022 21/11/2022 Libros